| 000 | 01534nam a22004097a 4500 | ||
|---|---|---|---|
| 001 | 0014986 | ||
| 003 | KOHA_MİRAKIL | ||
| 005 | 20260207002013.0 | ||
| 007 | ta | ||
| 008 | 100310b2003 tu |||gr||||#||||0|tur | | ||
| 020 |
_a9750601955 _c0,01 |
||
| 040 |
_aTR-BiSEU _btur _cTR-BiSEU _erda |
||
| 041 | 0 | _atur | |
| 044 | _ctu | ||
| 050 |
_aZ711 _b.F46 2003 |
||
| 111 | 2 |
_aAnadaolu Üniversitesi Eczacılık Fakültesi ve Sağlık Bilimleri Enstitüsü Seri Konferansları (2002 : Eskişehir) _934799 |
|
| 245 | 1 |
_aFen Bilimleri atıf indeksinin ülkemiz ve dünya bilimi açısından önemi : _bAnadaolu Üniversitesi Eczacılık Fakültesi ve Sağlık Bilimleri Enstitüsü seri konferansları Mart-Mayıs 2002, Eskişehir/ _ceditörYusuf Öztürk, Ümit Uçucu. |
|
| 264 | 1 |
_aEskişehir : _bAnadolu Üniversitesi _c2003 |
|
| 300 | _axi, 69 sayfa: tablo, grafik; 27 cm. | ||
| 336 |
_ametin _btxt _2rdacontent |
||
| 337 |
_aaracısız _bn _2rdamedia |
||
| 338 |
_acilt _bnc _2rdacarrier |
||
| 490 | 1 |
_aAnadolu Üniversitesi yayınları ; _vno. |
|
| 490 | 1 | _a1463. | |
| 490 | 1 | _aA.Ü. | |
| 490 | 1 |
_aSağlık Bilimleri Enstitüsü yayınları ; _vno. |
|
| 490 | 1 | _a10. | |
| 500 | _aKaynakça ve dizin var. | ||
| 650 | 0 |
_aCitation indexes. _934800 |
|
| 650 | 0 |
_aAtıf indeksleri. _934801 |
|
| 830 | 1 |
_aAnadolu Üniversitesi yayınları ; _vno. _97107 |
|
| 830 | 1 |
_a1463. _934802 |
|
| 830 | 1 |
_aA.Ü. _930939 |
|
| 830 | 1 |
_aSağlık Bilimleri Enstitüsü yayınları ; _vno. _934803 |
|
| 830 | 1 |
_a10. _96678 |
|
| 942 |
_2lcc _cBK |
||
| 999 |
_c14949 _d14949 |
||